000 00610nam a2200217Ia 4500
003 OSt
005 20220928144727.0
006 a|||||r|||| 00| 0
007 ta
008 220927b |||||||| |||| 00| 0 eng d
024 _a73311
037 _cTextual
040 _aSDCL
_cSDCL
_beng
041 _2eng
_aeng
082 _aX9.2'N9s, N4
100 _aCENTRE FOR INDUSTRIAL AND ECONOMIC RESEARCH(New Delhi)
_9509296
245 0 _aIndustrial databook
260 _c1994
942 _hX9.2'N9s, N4
_cTEXL
_2CC
999 _c829214
_d829214